000 00357nam a2200157Ia 4500
100 _aSilberschatz/ A/ Galvin/ P.B.
250 _a4
942 _cBK
654 _aOperating System
245 _aOperating Systems Concepts
260 _bAddison Wesley Pub
_aReading
_c1994
082 _a5.43
_bSIL/GAL
300 _a780
546 _aENGLISH
999 _c27692
_d27692